Animals by picture #2 - Littlest Pet Shop - Statistiques

Statistiques générales
  • Ce quiz a été pris 5 fois
  • Le résultat moyen est 8 sur 16
Statistiques - réponses
Par images Réponse % Correct
Dragon
100%
Panda
100%
Dalmatian
80%
Deer
80%
Donkey
60%
Fox
60%
Rabbit
60%
Zebra
60%
Capybara
40%
Guinea Pig
40%
Sloth
40%
Snow Leopard
40%
Baboon
20%
Possum
0%
Sheltie Dog
0%
Toucan
0%
Aucun quiz correspondant
Distribution des résultats
% des personnes avec chaque résultat
Percentile par nombre de réponses
Votre historique - résultats
Vous n’avez pas pris ce quiz